[Event "Padova op-A 16th"]
[Site "Padova"]
[Date "2013.12.21"]
[Round "8"]
[White "De Santis, Alessio"]
[Black "Boscolo Meneguolo, Federico"]
[Result "1/2-1/2"]
[WhiteElo "2282"]
[BlackElo "2295"]
[PlyCount "92"]
[EventDate "2013.12.15"]
[EventType "swiss"]
[EventRounds "9"]
[EventCountry "ITA"]
[SourceTitle "CBM 158 Extra"]
[Source "ChessBase"]
[SourceDate "2014.02.28"]
[SourceVersion "1"]
[SourceVersionDate "2014.02.28"]
[SourceQuality "1"]

1. d4 Nf6 2. c4 g6 3. Nc3 Bg7 4. e4 d6 5. Be2 0-0 6. Bg5 Na6 7. h4 e5 8. d5 h6 9. Be3 Nc5 10. Bf3 a5 11. g4 Qd7 12. g5 Ng4 13. Bxg4 Qxg4 14. Qxg4 Bxg4 15. f3 Bh5 16. gxh6 Bh8 17. Kd2 f5 18. b3 Na6 19. Rh2 f4 20. Bf2 Kh7 21. Rh3 Kxh6 22. Nge2 Bf6 23. Nc1 Kg7 24. Nd3 Rh8 25. a3 Bxf3 26. Rxf3 Bxh4 27. Rg1 Bf6 28. Ne2 Rh2 29. Ndxf4 exf4 30. Nxf4 Nc5 31. Rxg6+ Kf7 32. Rg2 Nxe4+ 33. Kd3 Rxg2 34. Nxg2 Nxf2+ 35. Rxf2 Rg8 36. Ne3 Ke7 37. Nf5+ Kd7 38. a4 Be5 39. Rf3 c6 40. Ne3 Kc7 41. Rf7+ Kb6 42. c5+ Kxc5 43. Rxb7 cxd5 44. Rb5+ Kc6 45. Nxd5 Rg3+ 46. Kc2 Rg2+ 1/2-1/2

[Event "Padova op-A 16th"]
[Site "Padova"]
[Date "2013.12.17"]
[Round "3.21"]
[White "Boscolo Meneguolo, Federico"]
[Black "Rosina, Graziano"]
[Result "1/2-1/2"]
[WhiteElo "2295"]
[BlackElo "1811"]
[PlyCount "91"]
[EventDate "2013.12.15"]
[EventType "swiss"]
[EventRounds "9"]
[EventCountry "ITA"]
[SourceTitle "EXT 2024"]
[Source "ChessBase"]
[SourceDate "2023.10.10"]
[SourceVersion "1"]
[SourceVersionDate "2023.10.10"]
[SourceQuality "1"]

1. d4 d5 2. Nf3 Nf6 3. Bf4 e6 4. e3 Bd6 5. Nbd2 Bxf4 6. exf4 0-0 7. Bd3 c5 8. c3 cxd4 9. cxd4 Nc6 10. 0-0 Nb4 11. Bb1 g6 12. Ne5 Qd6 13. Ndf3 Bd7 14. a3 Nc6 15. Qd2 Kg7 16. Bd3 a6 17. Rfe1 Ne7 18. Rac1 Rfc8 19. b4 Rxc1 20. Rxc1 Bb5 21. Ng5 Rf8 22. Bxb5 axb5 23. Qd3 h6 24. Ngf3 Ra8 25. Qxb5 Rxa3 26. Qxb7 Rb3 27. b5 Qa3 28. Rf1 Qb4 29. h3 Nfg8 30. Qc7 Qxb5 31. Nd7 Qc6 32. Qd8 Qc8 33. Qxc8 Nxc8 34. Ra1 Rb7 35. Nc5 Ra7 36. Rb1 Nd6 37. Rb6 Nc4 38. Rb8 Ne7 39. g4 Nc6 40. Rc8 Ne7 41. Rb8 Nc6 42. Rc8 Ne7 43. Re8 Nc6 44. Rc8 Ne7 45. Rb8 Nc6 46. Rb3 1/2-1/2

[Event "Chioggia op-A 08th"]
[Site "Chioggia"]
[Date "2013.10.13"]
[Round "4"]
[White "Boscolo Meneguolo, Federico"]
[Black "Vianello, Enrico"]
[Result "1/2-1/2"]
[WhiteElo "2310"]
[BlackElo "2144"]
[PlyCount "96"]
[EventDate "2013.10.10"]
[EventType "swiss"]
[EventRounds "5"]
[EventCountry "ITA"]
[SourceTitle "EXT 2024"]
[Source "ChessBase"]
[SourceDate "2023.10.10"]
[SourceVersion "1"]
[SourceVersionDate "2023.10.10"]
[SourceQuality "1"]

1. e4 d6 2. d4 Nf6 3. Nc3 e5 4. Nf3 Nbd7 5. g4 g6 6. g5 Nh5 7. Be3 Bg7 8. Qd2 0-0 9. 0-0-0 Nb6 10. dxe5 Bg4 11. Be2 dxe5 12. Qxd8 Rfxd8 13. Rxd8+ Rxd8 14. Rd1 Rxd1+ 15. Bxd1 c6 16. b3 Nc8 17. Nd2 Bxd1 18. Kxd1 b6 19. Ne2 f5 20. gxf6 Nxf6 21. f3 Kf7 22. Nc1 Ke6 23. Nd3 Nd6 24. c4 Nd7 25. Nb4 Nb8 26. c5 Nc8 27. cxb6 axb6 28. Nc4 Bf8 29. Nd3 Nd7 30. a4 Be7 31. Kc2 g5 32. h3 Bd8 33. b4 b5 34. Na5 bxa4 35. Nxc6 Bf6 36. Kb2 Nd6 37. Bf2 Nb5 38. Na5 Be7 39. Nc4 h5 40. Na3 Nd6 41. Nc5+ Nxc5 42. bxc5 Nb7 43. c6 Na5 44. c7 Kd7 45. Nb5 Nc4+ 46. Ka2 Bb4 47. Ba7 Nd2 48. Bb6 Nc4 1/2-1/2

[Event "Montesilvano Adriatico op 3rd"]
[Site "Montesilvano"]
[Date "2013.09.22"]
[Round "5"]
[White "Boscolo Meneguolo, Federico"]
[Black "Messina, Enrico"]
[Result "1-0"]
[WhiteElo "2337"]
[BlackElo "2216"]
[PlyCount "129"]
[EventDate "2013.09.20"]
[EventType "swiss"]
[EventRounds "5"]
[EventCountry "ITA"]
[SourceTitle "EXT 2015"]
[Source "ChessBase"]
[SourceDate "2014.11.20"]
[SourceVersion "1"]
[SourceVersionDate "2014.11.20"]
[SourceQuality "1"]

1. e4 d6 2. Nf3 Nf6 3. Nc3 c5 4. d4 cxd4 5. Nxd4 g6 6. g3 Nc6 7. Nde2 Bg7 8. Bg2 0-0 9. 0-0 Rb8 10. Nd5 Nd7 11. c3 e6 12. Ne3 Nf6 13. c4 b5 14. cxb5 Rxb5 15. Nc3 Rb7 16. Qa4 Rb4 17. Qa3 Rb7 18. Qa4 Rb4 19. Qa3 Rb7 20. Rd1 Rd7 21. Qa4 Bb7 22. Nc4 d5 23. exd5 Nxd5 24. Ne4 Nb6 25. Rxd7 Nxa4 26. Rxd8 Rxd8 27. Bg5 Rd4 28. Rc1 Nb6 29. Ncd6 Ba8 30. Be3 Rd5 31. Ne8 Bxb2 32. N4f6+ Kf8 33. Nxd5 exd5 34. Rb1 Kxe8 35. Bxb6 axb6 36. Rxb2 Kd7 37. Bxd5 Kd6 38. Bxc6 Kxc6 39. Kf1 Kc5 40. Ke2 Bd5 41. Kd3 b5 42. a3 h5 43. Kc3 Be6 44. Re2 Bc4 45. Re5+ Kd6 46. Re8 Kd5 47. Kb4 Bf1 48. Rb8 Ke4 49. Rxb5 Kf3 50. Rb6 Kg2 51. Rf6 Kxh2 52. Rxf7 g5 53. Rh7 Be2 54. a4 Bf3 55. Rf7 Kg2 56. Rxf3 Kxf3 57. a5 Kxf2 58. a6 Kxg3 59. a7 h4 60. a8Q h3 61. Qh1 g4 62. Kc3 h2 63. Kd2 Kh3 64. Ke2 Kg3 65. Kf1 1-0

[Event "Montesilvano Adriatico op 3rd"]
[Site "Montesilvano"]
[Date "2013.09.20"]
[Round "1"]
[White "Boscolo Meneguolo, Federico"]
[Black "Baltzopoulos, Giorgos"]
[Result "1-0"]
[WhiteElo "2337"]
[BlackElo "1973"]
[PlyCount "63"]
[EventDate "2013.09.20"]
[EventType "swiss"]
[EventRounds "5"]
[EventCountry "ITA"]
[SourceTitle "EXT 2015"]
[Source "ChessBase"]
[SourceDate "2014.11.20"]
[SourceVersion "1"]
[SourceVersionDate "2014.11.20"]
[SourceQuality "1"]

1. e4 e5 2. Nf3 Nc6 3. Bc4 Nf6 4. Ng5 d5 5. exd5 b5 6. Bf1 Nd4 7. c3 Nxd5 8. cxd4 Qxg5 9. Bxb5+ Kd8 10. Qf3 Bb7 11. 0-0 Qf4 12. Qh3 c6 13. Bc4 Qxd4 14. d3 Bc8 15. Qf3 f6 16. Nc3 Bg4 17. Qg3 h5 18. Nxd5 cxd5 19. Be3 h4 20. Bxd4 hxg3 21. Bxd5 gxh2+ 22. Kh1 Rb8 23. Bxa7 Rxb2 24. Rfb1 Rc2 25. Rb8+ Kc7 26. Rb7+ Kd6 27. Bb3 Rc3 28. f3 Bc8 29. Bb8+ Kc5 30. Rc7+ Kb4 31. Rxc3 Kxc3 32. Rc1+ 1-0

[Event "ITA-ch U20"]
[Site "Porto San Giorgio"]
[Date "2013.08.29"]
[Round "9"]
[White "Altini, Nicola"]
[Black "Boscolo Meneguolo, Federico"]
[Result "1-0"]
[WhiteElo "2347"]
[BlackElo "2343"]
[PlyCount "85"]
[EventDate "2013.08.21"]
[EventType "swiss"]
[EventRounds "9"]
[EventCountry "ITA"]
[SourceTitle "EXT 2015"]
[Source "ChessBase"]
[SourceDate "2014.11.20"]
[SourceVersion "1"]
[SourceVersionDate "2014.11.20"]
[SourceQuality "1"]

1. d4 Nf6 2. c4 g6 3. Nc3 Bg7 4. e4 d6 5. Nf3 0-0 6. Be2 e5 7. 0-0 Nc6 8. d5 Ne7 9. b4 c6 10. Re1 a5 11. bxa5 c5 12. Nd2 Rxa5 13. Nb3 Ra6 14. a4 Ne8 15. g4 f5 16. f3 Kh8 17. Be3 Ng8 18. Qd2 fxg4 19. fxg4 Qh4 20. Rf1 Nef6 21. Bg5 Qh3 22. Rf3 Qxg4+ 23. Rg3 Qd7 24. Rf1 Rxa4 25. Bxf6 Nxf6 26. Nxa4 Nxe4 27. Rxf8+ Bxf8 28. Qa5 Nxg3 29. hxg3 Bh6 30. g4 Be3+ 31. Kg2 Kg7 32. Nb6 Qf7 33. Qe1 Bd7 34. Nxd7 Qxd7 35. Nd2 h5 36. Ne4 hxg4 37. Qh4 Qf5 38. Qxg4 Qf8 39. Qd7+ Kh8 40. Qh3+ Bh6 41. Nxd6 Kh7 42. Qd7+ Bg7 43. Ne8 1-0

[Event "ITA-ch U20"]
[Site "Porto San Giorgio"]
[Date "2013.08.28"]
[Round "8"]
[White "Franciosi, Fausto"]
[Black "Boscolo Meneguolo, Federico"]
[Result "1/2-1/2"]
[WhiteElo "2084"]
[BlackElo "2343"]
[PlyCount "80"]
[EventDate "2013.08.21"]
[EventType "swiss"]
[EventRounds "9"]
[EventCountry "ITA"]
[SourceTitle "EXT 2015"]
[Source "ChessBase"]
[SourceDate "2014.11.20"]
[SourceVersion "1"]
[SourceVersionDate "2014.11.20"]
[SourceQuality "1"]

1. d4 Nf6 2. c4 g6 3. Nc3 Bg7 4. e4 d6 5. Nf3 0-0 6. Be2 e5 7. d5 Na6 8. Bg5 h6 9. Bh4 g5 10. Bg3 Nc5 11. Nd2 a5 12. h4 Nh7 13. f3 f5 14. exf5 Bxf5 15. Nde4 b6 16. Bd3 Nxd3+ 17. Qxd3 Qe8 18. Bf2 Qg6 19. h5 Qf7 20. Be3 Nf6 21. Nxf6+ Qxf6 22. Ne4 Qe7 23. Ke2 Rf7 24. g4 Bh7 25. Rhf1 Raf8 26. Rf2 Qd7 27. Rg1 Qa4 28. Qb3 Qd7 29. Qd3 Qa4 30. Qb3 Qxb3 31. axb3 Bxe4 32. fxe4 Rxf2+ 33. Bxf2 Rf4 34. Ke3 Kf7 35. Be1 Kf8 36. b4 axb4 37. Bxb4 Bf6 38. Be1 Bd8 39. Bg3 Rf7 40. b4 Ke7 1/2-1/2

[Event "ITA-ch U20"]
[Site "Porto San Giorgio"]
[Date "2013.08.23"]
[Round "3"]
[White "Boscolo Meneguolo, Federico"]
[Black "De Filomeno, Simone"]
[Result "1/2-1/2"]
[WhiteElo "2343"]
[BlackElo "2378"]
[PlyCount "72"]
[EventDate "2013.08.21"]
[EventType "swiss"]
[EventRounds "9"]
[EventCountry "ITA"]
[SourceTitle "EXT 2015"]
[Source "ChessBase"]
[SourceDate "2014.11.20"]
[SourceVersion "1"]
[SourceVersionDate "2014.11.20"]
[SourceQuality "1"]

1. e4 c5 2. Nf3 d6 3. Bb5+ Nc6 4. d4 cxd4 5. Qxd4 Bd7 6. Bxc6 Bxc6 7. c4 Nf6 8. Nc3 g6 9. 0-0 Bg7 10. Qe3 0-0 11. h3 Nd7 12. Nd4 Qb6 13. Rd1 a5 14. Rb1 Rfc8 15. b3 Qd8 16. Bb2 Qf8 17. Nd5 a4 18. f4 Bxd5 19. exd5 axb3 20. axb3 Ra2 21. Ne6 fxe6 22. Qxe6+ Kh8 23. Bxg7+ Qxg7 24. Qxd7 Rf8 25. Rd3 Rxf4 26. Qxb7 Qe5 27. Qc8+ Kg7 28. Qe6 Qg5 29. g3 Rff2 30. Re1 Rg2+ 31. Kh1 Rh2+ 32. Kg1 Rag2+ 33. Kf1 Rf2+ 34. Kg1 Rfg2+ 35. Kf1 Rf2+ 36. Kg1 Rfg2+ 1/2-1/2

[Event "ITA-ch sf 73rd"]
[Site "Civitanova Marche"]
[Date "2013.07.26"]
[Round "7"]
[White "Rombaldoni, Axel"]
[Black "Boscolo Meneguolo, Federico"]
[Result "1-0"]
[WhiteElo "2494"]
[BlackElo "2349"]
[PlyCount "77"]
[EventDate "2013.07.20"]
[EventType "swiss"]
[EventRounds "9"]
[EventCountry "ITA"]
[SourceTitle "EXT 2015"]
[Source "ChessBase"]
[SourceDate "2014.11.20"]
[SourceVersion "1"]
[SourceVersionDate "2014.11.20"]
[SourceQuality "1"]

1. e4 c5 2. Nf3 Nc6 3. d4 cxd4 4. Nxd4 Nf6 5. Nc3 d6 6. h3 e6 7. Nde2 Be7 8. g4 d5 9. exd5 Nxd5 10. Bg2 Nxc3 11. Bxc6+ bxc6 12. Qxd8+ Bxd8 13. Nxc3 0-0 14. Na4 f5 15. Be3 fxg4 16. hxg4 e5 17. Rg1 Be6 18. b3 Ba5+ 19. Ke2 Bd5 20. Rg3 Be4 21. c4 Rf7 22. Nc5 Bg6 23. Rd1 Bb4 24. Rd6 Rf6 25. Rxf6 gxf6 26. Na6 Ba5 27. Rg1 Rd8 28. f3 Bb6 29. Nb4 Be8 30. c5 Ba5 31. Nd3 Bg6 32. Nf2 Kf7 33. Rc1 Rd7 34. Rc4 Ke6 35. Ra4 Bd8 36. Ra6 Kd5 37. Nd1 Rc7 38. Nc3+ Ke6 39. Nb5 1-0

[Event "ITA-ch sf 73rd"]
[Site "Civitanova Marche"]
[Date "2013.07.25"]
[Round "6"]
[White "Bentivegna, Francesco"]
[Black "Boscolo Meneguolo, Federico"]
[Result "0-1"]
[WhiteElo "2293"]
[BlackElo "2349"]
[PlyCount "140"]
[EventDate "2013.07.20"]
[EventType "swiss"]
[EventRounds "9"]
[EventCountry "ITA"]
[SourceTitle "EXT 2015"]
[Source "ChessBase"]
[SourceDate "2014.11.20"]
[SourceVersion "1"]
[SourceVersionDate "2014.11.20"]
[SourceQuality "1"]

1. e4 c5 2. Nc3 Nc6 3. Bb5 Nd4 4. Nf3 a6 5. Bd3 Nc6 6. 0-0 d6 7. Be2 g6 8. d4 cxd4 9. Nxd4 Bg7 10. Be3 Nf6 11. Nxc6 bxc6 12. e5 dxe5 13. Bf3 Qxd1 14. Rfxd1 Bb7 15. Na4 e4 16. Be2 Nd5 17. Bd2 f5 18. c4 Nc7 19. f3 c5 20. Bc3 Bxc3 21. Nxc3 e3 22. Na4 Ne6 23. Nb6 Rd8 24. Nd5 Nd4 25. Kf1 Bxd5 26. cxd5 a5 27. Rac1 Rxd5 28. f4 Kf7 29. Bc4 e6 30. Ke1 Rd6 31. Rd3 Rb8 32. b3 e2 33. Re3 a4 34. Bxe2 axb3 35. axb3 Rxb3 36. Rxb3 Nxb3 37. Rc3 Nd4 38. Rxc5 Nxe2 39. Rc7+ Ke8 40. Kxe2 Rd7 41. Rc3 Ke7 42. g3 Rb7 43. h4 Kf6 44. Kf3 Ra7 45. Rb3 h6 46. Re3 Ra6 47. Rb3 g5 48. hxg5+ hxg5 49. fxg5+ Kxg5 50. Rb8 e5 51. Rd8 Rb6 52. Ra8 Rb3+ 53. Kg2 Rb2+ 54. Kh3 e4 55. Rg8+ Kf6 56. Re8 Re2 57. Ra8 Ke5 58. Ra5+ Kd4 59. Rxf5 e3 60. Rf8 Rc2 61. g4 e2 62. Rd8+ Ke3 63. Re8+ Kf2 64. Rf8+ Kg1 65. Re8 Rc3+ 66. Kh4 Kf2 67. Rxe2+ Kxe2 68. g5 Kf3 69. Kh5 Kf4 70. g6 Rh3# 0-1

[Event "ITA-ch sf 73rd"]
[Site "Civitanova Marche"]
[Date "2013.07.24"]
[Round "5"]
[White "Boscolo Meneguolo, Federico"]
[Black "Viviani, Alessio"]
[Result "1-0"]
[WhiteElo "2349"]
[BlackElo "2141"]
[PlyCount "65"]
[EventDate "2013.07.20"]
[EventType "swiss"]
[EventRounds "9"]
[EventCountry "ITA"]
[SourceTitle "EXT 2015"]
[Source "ChessBase"]
[SourceDate "2014.11.20"]
[SourceVersion "1"]
[SourceVersionDate "2014.11.20"]
[SourceQuality "1"]

1. e4 d6 2. d4 Nf6 3. Bd3 g6 4. Nf3 Bg7 5. 0-0 0-0 6. h3 c5 7. c3 cxd4 8. cxd4 Nc6 9. Nc3 Nb4 10. Bb1 Nd7 11. Be3 d5 12. a3 dxe4 13. Bxe4 Na6 14. Rc1 Nf6 15. Bb1 Be6 16. Re1 Nc7 17. Qd2 Ncd5 18. Bh6 Nb6 19. Bxg7 Kxg7 20. Rxe6 fxe6 21. Ng5 Qd7 22. Re1 e5 23. Qd3 exd4 24. Nxh7 dxc3 25. Qxg6+ Kh8 26. Nxf8 Rxf8 27. Qh6+ Kg8 28. Qg6+ Kh8 29. Re5 Qd1+ 30. Kh2 Qd6 31. f4 Rc8 32. Rh5+ Nxh5 33. Qh7# 1-0

[Event "ITA-ch sf 73rd"]
[Site "Civitanova Marche"]
[Date "2013.07.23"]
[Round "4"]
[White "Santagati, Alessandro"]
[Black "Boscolo Meneguolo, Federico"]
[Result "1-0"]
[WhiteElo "2195"]
[BlackElo "2349"]
[PlyCount "177"]
[EventDate "2013.07.20"]
[EventType "swiss"]
[EventRounds "9"]
[EventCountry "ITA"]
[SourceTitle "EXT 2015"]
[Source "ChessBase"]
[SourceDate "2014.11.20"]
[SourceVersion "1"]
[SourceVersionDate "2014.11.20"]
[SourceQuality "1"]

1. e4 c5 2. Nf3 Nc6 3. d3 e6 4. g3 d6 5. Bg2 Nf6 6. 0-0 Be7 7. Re1 0-0 8. Nbd2 Bd7 9. Nf1 Rc8 10. h3 b5 11. c3 b4 12. c4 Ne8 13. d4 cxd4 14. Nxd4 Nxd4 15. Qxd4 Qc7 16. Ne3 Qb8 17. Qd3 Bc6 18. a3 b3 19. a4 Nc7 20. Ra3 Na6 21. Rxb3 Qa8 22. Ra3 Nc5 23. Qd1 Bxe4 24. b4 Bxg2 25. Nxg2 Ne4 26. Qd3 Nf6 27. a5 Qc6 28. Ne3 Rb8 29. Rb3 Rfc8 30. Bb2 Qa6 31. Ra1 d5 32. b5 dxc4 33. Nxc4 Qb7 34. a6 Qe4 35. Qxe4 Nxe4 36. Be5 Ra8 37. b6 Nc5 38. Rb5 f6 39. Bd6 axb6 40. Bxe7 Rxa6 41. Rxa6 Nxa6 42. Rxb6 Rxc4 43. Rxa6 Kf7 44. Ra7 e5 45. Ba3+ Kg8 46. Kg2 h5 47. h4 Rc3 48. Bb4 Rb3 49. Bd2 Kh7 50. Be3 Rc3 51. Kf3 Rc4 52. Ke2 Kg8 53. Kd3 Rb4 54. Kc3 Rb1 55. Kc4 Rd1 56. Kc5 Rd3 57. Kc6 Rc3+ 58. Kd5 Kh7 59. Bc5 Kg8 60. Rc7 Rc2 61. Ke6 Rc4 62. Bd6 Ra4 63. Rc8+ Kh7 64. Kf7 Ra2 65. Bc5 Rb2 66. Rc7 Rc2 67. Kf8 Kh8 68. Bb6 Rb2 69. Ba7 Rd2 70. Ke7 Kg8 71. Ke6 Kh7 72. Kf5 Ra2 73. Bc5 Rc2 74. Ke6 Kg8 75. Rc8+ Kh7 76. Kf7 Rb2 77. Rd8 Rb7+ 78. Be7 Ra7 79. Ke6 Ra6+ 80. Rd6 Ra2 81. Rd7 Kg8 82. Kf5 Kh7 83. Bf8 Rxf2+ 84. Ke6 Kg8 85. Bxg7 e4 86. Bxf6 Ra2 87. Rg7+ Kf8 88. Rd7 Ra6+ 89. Rd6 1-0

[Event "ITA-ch sf 73rd"]
[Site "Civitanova Marche"]
[Date "2013.07.22"]
[Round "3"]
[White "Boscolo Meneguolo, Federico"]
[Black "Bruno, Fabio"]
[Result "0-1"]
[WhiteElo "2349"]
[BlackElo "2421"]
[PlyCount "142"]
[EventDate "2013.07.20"]
[EventType "swiss"]
[EventRounds "9"]
[EventCountry "ITA"]
[SourceTitle "EXT 2015"]
[Source "ChessBase"]
[SourceDate "2014.11.20"]
[SourceVersion "1"]
[SourceVersionDate "2014.11.20"]
[SourceQuality "1"]

1. e4 e6 2. d4 d5 3. Nd2 Nf6 4. e5 Nfd7 5. Bd3 c5 6. c3 Nc6 7. Ngf3 a6 8. 0-0 g6 9. Re1 Bg7 10. Nf1 0-0 11. Be3 cxd4 12. cxd4 f6 13. exf6 Bxf6 14. Ng3 Re8 15. Rc1 Nf8 16. Bc2 Bd7 17. Qd2 Rc8 18. b4 Qb6 19. a3 a5 20. Ba4 axb4 21. Bxc6 Rxc6 22. Rxc6 Bxc6 23. axb4 Be7 24. Rb1 Bb5 25. Bf4 Nd7 26. h4 Rc8 27. h5 Bf6 28. hxg6 hxg6 29. Bg5 Bg7 30. Bh6 Bf6 31. Bg5 Bg7 32. Bh6 Bf6 33. Qf4 Bd3 34. Re1 Re8 35. Rc1 e5 36. Qg4 Qe6 37. Qxe6+ Rxe6 38. Rc8+ Kf7 39. Rc7 Ke8 40. Rc8+ Ke7 41. dxe5 Nxe5 42. Rc7+ Kd6 43. Rxb7 Nxf3+ 44. gxf3 Kc6 45. Rf7 Bc3 46. Bf8 Rf6 47. Rxf6+ Bxf6 48. Nf1 Be2 49. Nd2 Bc3 50. Nb3 Bc4 51. Nc5 Kb5 52. Ne6 d4 53. Nxd4+ Bxd4 54. Kg2 Bd3 55. Kg3 Bf5 56. Bd6 Bc3 57. Bc7 Kxb4 58. Bb6 Kc4 59. f4 Bd4 60. Bd8 Kd3 61. Bc7 Ke2 62. f3 Bf2+ 63. Kg2 Be6 64. Bd6 Bd5 65. Bc7 Bxf3+ 66. Kh3 Kd3 67. Bd6 Ke4 68. Bc7 Be1 69. Bd6 Bh5 70. Kg2 Kf5 71. Bc7 Kg4 0-1

[Event "Forni di Sopra op 4th"]
[Site "Forni di Sopra"]
[Date "2013.06.22"]
[Round "9"]
[White "Horvath, Csaba"]
[Black "Boscolo Meneguolo, Federico"]
[Result "1/2-1/2"]
[WhiteElo "2516"]
[BlackElo "2314"]
[PlyCount "70"]
[EventDate "2013.06.15"]
[EventType "swiss"]
[EventRounds "9"]
[EventCountry "ITA"]
[SourceTitle "CBM 155 Extra"]
[Source "ChessBase"]
[SourceDate "2013.08.26"]
[SourceVersion "1"]
[SourceVersionDate "2013.08.26"]
[SourceQuality "1"]

1. d4 Nf6 2. c4 g6 3. Nc3 Bg7 4. e4 d6 5. Be2 0-0 6. Bg5 Na6 7. Qd2 e5 8. d5 c6 9. f3 cxd5 10. cxd5 Bd7 11. Bxa6 bxa6 12. Nge2 Rb8 13. b3 Qb6 14. Be3 Qb7 15. 0-0 Ne8 16. Rac1 f5 17. f4 Nf6 18. exf5 gxf5 19. Kh1 e4 20. Rc2 Rbc8 21. Rfc1 Rc7 22. Nd4 Rfc8 23. Ne6 Bxe6 24. dxe6 Qb4 25. e7 Kf7 26. h3 Rxe7 27. Nxe4 Qxd2 28. Ng5+ Kg6 29. Bxd2 Rxc2 30. Rxc2 Re2 31. Nf3 Ne4 32. Rc6 Bd4 33. Bb4 Ng3+ 34. Kh2 Nf1+ 35. Kh1 Ng3+ 1/2-1/2

[Event "Forni di Sopra op 4th"]
[Site "Forni di Sopra"]
[Date "2013.06.20"]
[Round "7"]
[White "Garcia Palermo, Carlos H"]
[Black "Boscolo Meneguolo, Federico"]
[Result "1/2-1/2"]
[WhiteElo "2468"]
[BlackElo "2314"]
[PlyCount "77"]
[EventDate "2013.06.15"]
[EventType "swiss"]
[EventRounds "9"]
[EventCountry "ITA"]
[SourceTitle "CBM 155 Extra"]
[Source "ChessBase"]
[SourceDate "2013.08.26"]
[SourceVersion "1"]
[SourceVersionDate "2013.08.26"]
[SourceQuality "1"]

1. d4 Nf6 2. Bg5 e6 3. Nd2 c5 4. e3 b6 5. Ne4 Be7 6. Bxf6 gxf6 7. d5 f5 8. Nc3 Bf6 9. Bc4 Bxc3+ 10. bxc3 Qf6 11. Ne2 0-0 12. 0-0 Kh8 13. a4 Bb7 14. a5 b5 15. Bxb5 Bxd5 16. Nf4 Bc6 17. Qd6 Rg8 18. Rab1 Qxc3 19. Bxc6 Nxc6 20. Qxd7 Ne5 21. Qe7 Nf3+ 22. Kh1 Nd2 23. Qxf7 Nxb1 24. Rxb1 Rab8 25. Rg1 Qe5 26. h3 Rg7 27. Qh5 c4 28. Rd1 Qe4 29. Qh4 Rbg8 30. Rd8 Rxg2 31. Qf6+ R2g7+ 32. Kh2 Qb7 33. Rxg8+ Kxg8 34. Qxe6+ Kh8 35. Qxc4 Qb1 36. Qc8+ Rg8 37. Qc3+ Rg7 38. Qc8+ Rg8 39. Qc3+ 1/2-1/2